00887nam a22002657a 45000010005000000030006000050050017000110080041000280200018000690400029000870500014001160820008001301000020001382450095001582600037002533000056002904900038003465050008003845200098003925210020004905210020005106500031005307000030005617000030005915812FISKH20250123101702.0250123b cb ||||| |||| 00| 0 eng d a9780439686815 aFISKHbengcFISKHdFISKH aDG77.M344 a937 aMarks, Anthony  aRomans /cby Anthony Marks and Graham Tingay : Illustrated by Ian Jackson and Gerald Wood  aNew York : bScholastic ,c2003. a96 pages : bcolor illustrations , maps ;c26 cm .  aUsborne Illustrated World History aZ  aDescribes the world of the Romans from the founding of the city to the decline of the empire.8 a920 bLexile 8 aZ bRaz-Plus  aAncient Romevnon-fiction  aJackson, Ianeillustrator aWood, Geraldeillustrator